000
00242nam a2200097Ia 4500
008
201216s9999 xx 000 0 und d
100
_a
Schein, Edgar H.
245
0
_a
Organizational Psychology
260
_a
New Delhi
_b
Prentice Hall
300
_a
274
999
_c
6048
_d
6048